01622nam a22002297a 4500003000400000005001700004008004100021020001800062040001300080082001300093100001700106245002900123260003100152300003600183500082000219650001901039650002001058942001501078999001701093952014701110952013501257OSt20210203140627.0210203b ||||| |||| 00| 0 spa d a9789584284037 cCO-MqBPB aJPbNACH aNach.eAutor aSilencios vivos /cNach. aBogotá.bPlaneta,c2019. a199 pg.bTapa rústicac19 cm. aSilencios vivos es una invitación a convivir en la intimidad de otro. Con estos poemas, Nach abre la puerta de su peque­ño mundo al lector atrevido, dispuesto a volar. Letras que son emoción sincera, cargadas de anhelos, de confesiones y de introspección. El autor vuelve a asomarse a su propio interior para ofrecer una escritura llena de memorias y vivencias, para construir una forma voraz de cuestionar el mundo y dejarnos entrar en su paraíso silencioso, el nuestro, el de todos. Nach ha encontrado en la poesía un nuevo formato en el que expresarse, y hacerlo de una manera más íntima, descarnada y natural. Desde que publicara Hambriento, no ha dejado de hacer recitales y propiciar encuentros con los lectores. Con esta nueva obra, lo da todo para seguir crecien­do en el mundo literario. 2PoesiavUrbana 2PoesiavJuvenil 2ddccBKLIT c12993d12993 00102ddc40708LJaBPMOSbBPMOSd2021-02-03eCompraintl5oJP NACHpMOS500748r2023-04-26s2023-04-10tej 1w2021-02-03yBKLITzQuince dias 00102ddc40708LJaBPMOSbBPMOSd2021-02-03eCompraintl0oJP NACHpMOS500749r2021-03-15tej 2w2021-02-03yBKLITzQuince dias